LEADER 00896nam a2200229 i 4500 001 000000244112 003 CaOOAMICUS 005 20150729000000.0 008 150729s1872 it u000 u ita u 013 $a223017 040 $aSeMil$bita 100 1 $aAlbčri, Eugenio,$d<1807-1878>.$0(OLS)http://semarc/name/20099 245 13$aIl problema dell'umano destino /$cper Eugenio Albčri. 260 $aFirenze :$bEgisto Cini,$c1872. 300 $aXL, 544 p. ;$c20 cm. 500 $aSul front. : Volume unico. 650 4$aDestino.$0(OLS)http://semarc/subject/7665 650 4$aTeologia cristiana.$0(OLS)http://semarc/subject/999 850 $aSeMil 852 $aSeMil$W1$xVenegono$y1$m2R I 203 FA$j194458$B194458$CSeMilBibl$Z2$F205065 $8I 996 $6245$aIl problema dell'umano destino$9(OLS)http://semarc/title/346077 996 $6260$aFirenze :$bEgisto Cini$9(OLS)http://semarc/publisher/54864 LEADER 00523nab a2200145 i 4500 001 000000317064 003 CaOOAMICUS 005 20180831173221.0 008 180831n xx uu u0 0und r 013 $a26144 040 $aSeMil$bita 100 1 $aCitrini, Tullio <1942- >.$0(OLS)http://semarc/name/89721 245 10$aChiesa e aggregazioni ecclesiali: il reale e il possibile. 773 0 $t[Gennaio-Dicembre].$g809-822$w()273991 996 $6245$aChiesa e aggregazioni ecclesiali: il reale e il possibile$9(OLS)http://semarc/title/391048